000 00822nam a22002657a 4500
003 dpl
005 20180626145421.0
008 180626b xxu||||| |||| 00| 0 eng d
010 _aA-715457
020 _c00.00
_a8120002849
035 _aA-715457,A-935986
037 _bCen Lib/Ret
040 _aDPL
_bEN
_c0
082 _a796.07019
_bKAM
100 _aKamlesh, M.L.
_925359
245 _aPsychology in physical education and sports /
_cby M.L. Kamlesh
250 _a2nd rev. ed
260 _aNew Delhi
_bMetropolitan
270 _bNew Delhi
_a1-Netaji Subhas Marg
_e110002
300 _axvi,360p. :
_c22cm(Hb)
500 _aIncludes index.
650 _aSports--Psychological aspects
_925360
650 _aPhysical fitness--Psychological aspects
_925361
942 _2ddc
_cEN
_h796.07019
_mKAM
999 _c129083
_d129083